• 首页
  • 本馆介绍
  • 公告通知
  • 最新文献
  • 馆藏检索
  • 电子资源
  • 读者导购
  • 参考咨询
  • 我的图书馆
  • 登录
  • 详细信息显示
  • 放入我的书架
  • 预约/预借图书
  • 作者相关作品
  • 分类相关作品
  • 丛书相关作品
  • 出版社相关作品

书目信息

  • 表格格式
  • 工作单格式
  • 卡片格式
题名:
美国知识产权法律制度研究
    
 
作者: 孙南申 著
分册:  
出版信息: 北京   法律出版社  2012.10
页数: 352页
开本: 21cm
丛书名:
单 册:
中图分类: D971.234
科图分类:
主题词: 知识产权法--研究--美国 , 知识产权法
电子资源:
ISBN: 978-7-5118-4086-8
000 01174nam0 2200277 450
001 006362805
005 20130628105156.25
010    @a978-7-5118-4086-8@dCNY36.00
100    @a20121206d2012 em y0chiy0110 ea
101 0  @achi
102    @aCN@b110000
105    @ay z 000yy
106    @ar
200 1  @a美国知识产权法律制度研究@9mei guo zhi shi chan quan fa lv zhi du yan jiu@dLegal systems on intellectual property rights of United States@f孙南申[等]著@zeng
210    @a北京@c法律出版社@d2012.10
215    @a352页@d21cm
300    @a复旦大学美国研究国家哲学社会科学创新基地 美国知识产权法律制度研究项目成果
304    @a著者还有:高凌云、徐曾沧、邬嘉磊
330    @a本书是一部全面论述美国知识产权法律制度的专著,其内容不仅阐明美国知识产权制度与技术创新及经济发展的互动关系,并且论述美国知识产权法与贸易法、竞争法的互补关系,同时分析美国知识产权的国内保护与国际保护的适用关系。
510 1  @aLegal systems on intellectual property rights of United States@zeng
606 0  @a知识产权法@x研究@y美国
606 0  @a知识产权法
690    @aD971.234@v5
701  0 @a孙南申@9sun nan shen@4著
801  0 @aCN@bNLC@c20130114
905    @b544572-76@dD971.234@e81@f5
    
    美国知识产权法律制度研究=Legal systems on intellectual property rights of United States/孙南申[等]著.-北京:法律出版社,2012.10
    352页;21cm
    复旦大学美国研究国家哲学社会科学创新基地 美国知识产权法律制度研究项目成果
    
    ISBN 978-7-5118-4086-8:CNY36.00
    本书是一部全面论述美国知识产权法律制度的专著,其内容不仅阐明美国知识产权制度与技术创新及经济发展的互动关系,并且论述美国知识产权法与贸易法、竞争法的互补关系,同时分析美国知识产权的国内保护与国际保护的适用关系。
●
相关链接 在E读中查询图书 在五车中查询图书 在当当中查询图书 在豆瓣中查询图书


正题名:美国知识产权法律制度研究     索取号:D971.234/81         预约/预借

序号 登录号 条形码 馆藏地/架位号 状态 备注
1 544572   205445721   第一样本阅览室/ [索取号:D971.234/81] 在馆    
2 544573   205445730   第一借阅区/ [索取号:D971.234/81] 在馆    
3 544574   205445749   第一借阅区/ [索取号:D971.234/81] 在馆    
4 544575   205445758   第一借阅区/ [索取号:D971.234/81] 在馆    
5 544576   205445767   第一借阅区/ [索取号:D971.234/81] 在馆    
唐山师范学院图书馆 欢迎您!
大连网信软件有限公司© 版权所有